[Event "Budapest Karacsonyi op"]
[Site "Budapest"]
[Date "2017.12.28"]
[Round "3"]
[White "Geher, Laszlo"]
[Black "Moricz, Benedek"]
[Result "1/2-1/2"]
[WhiteElo "1850"]
[BlackElo "1750"]
[PlyCount "57"]
[EventDate "2017.12.27"]
[EventType "swiss"]
[EventRounds "7"]
[EventCountry "HUN"]
[SourceTitle "CBM 182 Extra"]
[Source "ChessBase"]
[SourceDate "2018.02.23"]
[SourceVersion "1"]
[SourceVersionDate "2018.02.23"]
[SourceQuality "1"]

1. e4 e6 2. Nc3 b6 3. d4 Bb7 4. Bd3 Bb4 5. Nge2 Nf6 6. 0-0 0-0 7. Bg5 Be7 8. f4 c5 9. dxc5 bxc5 10. Bxf6 gxf6 11. Rf3 Kh8 12. Rh3 Rg8 13. Ng3 c4 14. Bxc4 Qb6+ 15. Kh1 Qxb2 16. Rb1 Qxc3 17. Qh5 Rg7 18. Nf5 Qxc4 19. Nxg7 Qxe4 20. Rg3 Qxc2 21. Rg1 Qc8 22. Qxf7 Qf8 23. Qxf8+ Bxf8 24. Ne8 Na6 25. Nxf6 Bc5 26. Rd1 d6 27. Rh3 Kg7 28. Rxh7+ Kxf6 29. Rxb7 1/2-1/2

[Event "Budapest Karacsonyi op"]
[Site "Budapest"]
[Date "2017.12.28"]
[Round "2"]
[White "Moricz, Benedek"]
[Black "Szalay Ocsak, Bank"]
[Result "1-0"]
[WhiteElo "1750"]
[BlackElo "1516"]
[PlyCount "43"]
[EventDate "2017.12.27"]
[EventType "swiss"]
[EventRounds "7"]
[EventCountry "HUN"]
[SourceTitle "CBM 182 Extra"]
[Source "ChessBase"]
[SourceDate "2018.02.23"]
[SourceVersion "1"]
[SourceVersionDate "2018.02.23"]
[SourceQuality "1"]

1. e4 c5 2. c3 Nf6 3. e5 Nd5 4. g3 d6 5. exd6 e6 6. Bg2 Bxd6 7. Ne2 Nc6 8. 0-0 0-0 9. d3 Qc7 10. Na3 a6 11. Nc4 Be7 12. Re1 b5 13. Ne3 Rd8 14. Nxd5 exd5 15. Nf4 Bf6 16. Nxd5 Rxd5 17. Bxd5 Bf5 18. Qf3 Bd7 19. Bf4 Qb6 20. Bxf7+ Kh8 21. Qd5 Rd8 22. Qxd7 1-0

[Event "Budapest Titan Cup 1st"]
[Site "Budapest"]
[Date "2017.01.08"]
[Round "4"]
[White "Juhasz, Agoston Botond"]
[Black "Moricz, Benedek"]
[Result "1-0"]
[WhiteElo "1991"]
[BlackElo "1631"]
[PlyCount "107"]
[EventDate "2017.01.06"]
[EventType "swiss"]
[EventRounds "5"]
[EventCountry "HUN"]
[SourceTitle "CBM 176 Extra"]
[Source "ChessBase"]
[SourceDate "2017.03.02"]
[SourceVersion "1"]
[SourceVersionDate "2017.03.02"]
[SourceQuality "1"]

1. e4 e6 2. d4 d5 3. Nd2 dxe4 4. Nxe4 Nd7 5. Nf3 Ngf6 6. Nxf6+ Nxf6 7. Bg5 Be7 8. Bd3 h6 9. Bh4 0-0 10. Qe2 c5 11. dxc5 Qa5+ 12. c3 Qxc5 13. 0-0-0 Nd5 14. Qe4 f5 15. Bxe7 Qxe7 16. Qe5 Bd7 17. Bc4 Nb6 18. Rxd7 Nxd7 19. Qxe6+ Qxe6 20. Bxe6+ Rf7 21. Nh4 f4 22. Nf5 Nc5 23. Ne7+ Kf8 24. Ng6+ Ke8 25. Bxf7+ Kxf7 26. Nxf4 g5 27. Ne2 Re8 28. Nd4 Nd3+ 29. Kc2 Ne1+ 30. Kb3 Nxg2 31. Rd1 Re7 32. a4 Nf4 33. Kb4 Re5 34. c4 Ne6 35. Kc3 Nc5 36. Kb4 Ne6 37. Nxe6 Kxe6 38. Rd8 Rf5 39. Rh8 Rxf2 40. Rxh6+ Kd7 41. b3 Rf5 42. Rh5 Rf2 43. a5 a6 44. Kc5 Rf3 45. b4 Rf5+ 46. Kb6 Rf4 47. Kxb7 Rxc4 48. Rh7+ Kd6 49. b5 axb5 50. a6 b4 51. a7 b3 52. a8Q Rb4+ 53. Kc8 b2 54. Qa6+ 1-0

[Event "Budapest Titan Cup 1st"]
[Site "Budapest"]
[Date "2017.01.07"]
[Round "2"]
[White "Moricz, Benedek"]
[Black "Ozkan, Salih"]
[Result "1-0"]
[WhiteElo "1631"]
[BlackElo "1768"]
[PlyCount "53"]
[EventDate "2017.01.06"]
[EventType "swiss"]
[EventRounds "5"]
[EventCountry "HUN"]
[SourceTitle "CBM 176 Extra"]
[Source "ChessBase"]
[SourceDate "2017.03.02"]
[SourceVersion "1"]
[SourceVersionDate "2017.03.02"]
[SourceQuality "1"]

1. e4 e6 2. d4 d5 3. Nd2 Nf6 4. e5 Nfd7 5. Bd3 c5 6. c3 Nc6 7. Ne2 cxd4 8. cxd4 Be7 9. 0-0 f6 10. Nf4 Nxd4 11. Qh5+ Kf8 12. Nb3 Qe8 13. Ng6+ Kg8 14. Nxe7+ Qxe7 15. Nxd4 Nxe5 16. Qe2 h5 17. f4 Ng4 18. h3 Qc5 19. hxg4 Qxd4+ 20. Be3 Qb4 21. gxh5 e5 22. fxe5 Bg4 23. Qf2 Rxh5 24. exf6 d4 25. fxg7 Qe7 26. Bxd4 Qc7 27. Qf8+ 1-0

[Event "Budapest Titan Cup 1st"]
[Site "Budapest"]
[Date "2017.01.06"]
[Round "1"]
[White "Kantor, Sandor"]
[Black "Moricz, Benedek"]
[Result "1/2-1/2"]
[WhiteElo "1942"]
[BlackElo "1631"]
[PlyCount "59"]
[EventDate "2017.01.06"]
[EventType "swiss"]
[EventRounds "5"]
[EventCountry "HUN"]
[SourceTitle "CBM 176 Extra"]
[Source "ChessBase"]
[SourceDate "2017.03.02"]
[SourceVersion "1"]
[SourceVersionDate "2017.03.02"]
[SourceQuality "1"]

1. e4 e6 2. d4 d5 3. Nc3 Bb4 4. e5 c5 5. a3 Bxc3+ 6. bxc3 Ne7 7. Nf3 Nbc6 8. Bd3 Qc7 9. 0-0 Bd7 10. Re1 c4 11. Bf1 0-0-0 12. g3 Ng6 13. Ng5 Rdf8 14. f4 h6 15. Nf3 Nge7 16. a4 Nf5 17. Ba3 Rfg8 18. g4 Nfe7 19. h3 f5 20. g5 Be8 21. Bc1 Bh5 22. Qe2 hxg5 23. fxg5 Ng6 24. Qf2 Bxf3 25. Qxf3 Nh4 26. Qg3 Ne7 27. Re2 Rf8 28. Rf2 Neg6 29. Be2 Qf7 30. Bf4 1/2-1/2

[Event "Budapest Karacsonyi 7th"]
[Site "Budapest"]
[Date "2015.12.28"]
[Round "3"]
[White "Bartuszek, Andras"]
[Black "Moricz, Benedek"]
[Result "1/2-1/2"]
[WhiteElo "1883"]
[BlackElo "1466"]
[PlyCount "119"]
[EventDate "2015.12.27"]
[EventType "swiss"]
[EventRounds "7"]
[EventCountry "HUN"]
[SourceTitle "CBM 170 Extra"]
[Source "ChessBase"]
[SourceDate "2016.02.25"]
[SourceVersion "1"]
[SourceVersionDate "2016.02.25"]
[SourceQuality "1"]

1. e4 e6 2. d4 d5 3. Nc3 Bb4 4. Nge2 dxe4 5. a3 Be7 6. Nxe4 Nd7 7. N2c3 Ngf6 8. Bd3 b6 9. Be3 Bb7 10. f3 e5 11. Qe2 exd4 12. Bxd4 0-0 13. 0-0-0 Qc8 14. g4 c5 15. Bxf6 Nxf6 16. h4 Qc7 17. h5 Rae8 18. Kb1 Nxe4 19. Nxe4 Bg5 20. Qg2 Bxe4 21. Bxe4 Rd8 22. Qe2 Rd6 23. Rxd6 Qxd6 24. Rd1 Qc7 25. Rd5 h6 26. Bf5 Rd8 27. Rd7 Qb8 28. Qd1 Qc8 29. f4 Bf6 30. Rxd8+ Qxd8 31. Qf3 a5 32. Bd3 Qd4 33. c3 Qd6 34. Qe4 Kf8 35. Bb5 Qe7 36. Qh7 Qd8 37. Kc2 Ke7 38. g5 hxg5 39. fxg5 Bxg5 40. Qxg7 Qd2+ 41. Kb1 Qd1+ 42. Ka2 Qd5+ 43. c4 Qf5 44. Qg8 Bh6 45. Qe8+ Kf6 46. Qh8+ Kg5 47. Qd8+ Qf6 48. Qd1 Bg7 49. Qe2 Kh6 50. Bd7 Qg5 51. Bg4 Bd4 52. Qd1 f5 53. Be2 f4 54. Qd3 Qf6 55. Qb3 Be3 56. Bf3 Bd4 57. Qc2 Be3 58. Kb3 Bd4 59. Qe2 Be5 60. Ka2 1/2-1/2

[Event "Budapest Karacsonyi 7th"]
[Site "Budapest"]
[Date "2015.12.28"]
[Round "2"]
[White "Moricz, Benedek"]
[Black "Palla, Akos Botond"]
[Result "0-1"]
[WhiteElo "1466"]
[BlackElo "2015"]
[PlyCount "62"]
[EventDate "2015.12.27"]
[EventType "swiss"]
[EventRounds "7"]
[EventCountry "HUN"]
[SourceTitle "CBM 170 Extra"]
[Source "ChessBase"]
[SourceDate "2016.02.25"]
[SourceVersion "1"]
[SourceVersionDate "2016.02.25"]
[SourceQuality "1"]

1. e4 c5 2. c3 d5 3. exd5 Qxd5 4. d4 Nf6 5. Na3 cxd4 6. Nb5 Na6 7. Nxd4 e5 8. Nb3 Qxd1+ 9. Kxd1 Bg4+ 10. Be2 0-0-0+ 11. Bd2 Nc5 12. Bxg4+ Nxg4 13. Kc2 Nxb3 14. axb3 Nxf2 15. Nf3 Nxh1 16. Rxh1 f6 17. Be3 b6 18. b4 g5 19. Rd1 Bg7 20. Rd2 h6 21. h4 g4 22. Rxd8+ Rxd8 23. Nd2 f5 24. g3 Rf8 25. Bf2 h5 26. Nc4 Kb7 27. Kd3 Rd8+ 28. Ke2 f4 29. Nd2 f3+ 30. Ke1 Bh6 31. Ne4 Bc1 0-1

[Event "HUN-chT U18"]
[Site "Budapest"]
[Date "2015.08.27"]
[Round "3.39"]
[White "Moricz, Benedek"]
[Black "Acs, Petra"]
[Result "1/2-1/2"]
[WhiteElo "1383"]
[BlackElo "1746"]
[PlyCount "81"]
[EventDate "2015.08.26"]
[EventType "team-swiss"]
[EventRounds "8"]
[EventCountry "HUN"]
[SourceTitle "EXT 2016"]
[Source "ChessBase"]
[SourceDate "2015.10.08"]
[SourceVersion "1"]
[SourceVersionDate "2015.10.08"]
[SourceQuality "1"]

1. e4 e6 2. d4 d5 3. Nd2 dxe4 4. Nxe4 Bd7 5. Bd3 Bc6 6. Nf3 Nd7 7. c3 Ngf6 8. Bg5 h6 9. Nxf6+ Nxf6 10. Bh4 Be7 11. 0-0 Bxf3 12. Qxf3 c6 13. Rfe1 0-0 14. Rad1 Re8 15. Bg3 Bd6 16. Be5 Qe7 17. Bxf6 Qxf6 18. Qxf6 gxf6 19. Re4 f5 20. Re2 Kh8 21. Bc2 Rg8 22. Rf1 Rg4 23. f3 Rg5 24. f4 Rg4 25. g3 h5 26. Rf3 Rag8 27. Rg2 h4 28. Kf1 b6 29. Bd1 R4g6 30. Rd3 Bxf4 31. Bh5 R6g7 32. Bxf7 Rxf7 33. gxf4 Rxg2 34. Kxg2 Rg7+ 35. Kf3 Kg8 36. Rd2 h3 37. Ke3 Kf7 38. Rf2 Kf6 39. Rf3 Rg2 40. Rf2 Rg4 41. Rf3 1/2-1/2